Growing Cities in Florida - Statistics

General Stats
  • This quiz has been taken 28 times
  • The average score is 7 of 10
Answer Stats
Population Population Gained City % Correct
949,611 127,853 Jacksonville
100%
442,241 42,741 Miami
100%
384,959 48,710 Tampa
100%
307,573 68,850 Orlando
95%
86,395 24,087 Fort Myers
84%
194,016 39,709 Cape Coral
58%
204,851 40,651 Port St. Lucie
53%
79,226 19,680 Kissimmee
32%
75,874 30,170 Doral
26%
58,964 21,171 St. Cloud
16%
No matching quizzes found
Score Distribution
Percent of People with Each Score
Percentile by Number Answered
Your Score History
You have not taken this quiz